ბათუმის შოთა რუსთაველის სახელმწიფო უნივერსიტეტის ბიბლიოთეკა

Lippincott Illustrated Reviews : (ბიბ.ჩანაწერი № 57704)

000 -LEADER
fixed length control field 01102cam a2200289 i 4500
001 - CONTROL NUMBER
control field 19212828
005 - DATE AND TIME OF LATEST TRANSACTION
control field 20221105215610.0
008 - FIXED-LENGTH DATA ELEMENTS--GENERAL INFORMATION
fixed length control field 160804s20172017enka 001 0 eng
010 ## - LIBRARY OF CONGRESS CONTROL NUMBER
LC control number 2016035958
020 ## - INTERNATIONAL STANDARD BOOK NUMBER
International Standard Book Number 9781496363541 1
080 ## - UNIVERSAL DECIMAL CLASSIFICATION NUMBER
Universal Decimal Classification number 577.1 F-40
100 1# - MAIN ENTRY--PERSONAL NAME
Personal name Ferrier, Denise R.,
Relator term author.
9 (RLIN) 9503
245 10 - TITLE STATEMENT
Title Lippincott Illustrated Reviews :
Statement of responsibility, etc. Denise R. Ferrier, PhD, Professor, Department of Biochemistry and Molecular Biology, Drexel University College of Medicine, Philadelphia, Pennsylvania.
Remainder of title Biochemistry /
250 ## - EDITION STATEMENT
Edition statement Seventh edition.
264 #4 - PRODUCTION, PUBLICATION, DISTRIBUTION, MANUFACTURE, AND COPYRIGHT NOTICE
Date of production, publication, distribution, manufacture, or copyright notice Philadelphia :
Place of production, publication, distribution, manufacture Wolters Kluwer,
Name of producer, publisher, distributor, manufacturer [2017].
300 ## - PHYSICAL DESCRIPTION
Extent 567 pages :
Other physical details color illustrations ;
Dimensions 28 cm.
490 1# - SERIES STATEMENT
Series statement Lippincott illustrated reviews
500 ## - GENERAL NOTE
General note Includes index.
650 12 - SUBJECT ADDED ENTRY--TOPICAL TERM
Topical term or geographic name entry element Biochemistry
9 (RLIN) 8809
653 ## - INDEX TERM--UNCONTROLLED
keyword მედიცინა
653 ## - INDEX TERM--UNCONTROLLED
keyword ბიოქიმია
655 #2 - INDEX TERM--GENRE/FORM
Genre/form data or focus term Examination Questions
9 (RLIN) 9504
655 #2 - INDEX TERM--GENRE/FORM
Genre/form data or focus term Outlines
9 (RLIN) 9505
830 #0 - SERIES ADDED ENTRY--UNIFORM TITLE
Uniform title Lippincott's illustrated reviews.
9 (RLIN) 9506
942 ## - ADDED ENTRY ELEMENTS (KOHA)
Source of classification or shelving scheme
Koha item type წიგნი
ეგზემპლარები
Withdrawn status Lost status Source of classification or shelving scheme Damaged status Not for loan Permanent Location Current Location Shelving location Date acquired Cost, normal purchase price Full call number Barcode Date last seen Copy number Price effective from Koha item type Public note
          ბათუმის შოთა რუსთაველის სახელმწიფო უნივერსიტეტის მთავარი ბიბლიოთეკა ბათუმის შოთა რუსთაველის სახელმწიფო უნივერსიტეტის მთავარი ბიბლიოთეკა წიგნსაცავი 2020-09-10 132.83 577.1 F-40 61031 2020-09-10 61031 2020-09-10 წიგნი 132 ლ. 83 თ.